000 00364nam a2200145Ia 4500
008 230917s9999||||xx |||||||||||||| ||und||
040 _e48708
_aMAIN
041 _aEnglish
082 _a823.7 D555B:D
100 _aBrown, James M
245 0 _aDickens: novelist in the market-place
260 _aLondon
_bMacmillan
_c1982
300 _avii, 180 p.
942 _cBK
999 _c229372
_d229372